00830nam a2200205 a 4500001001000000005001700010008004100027041000800068044000700076050002200083100003700105245017400142260003500316300001900351500002900370500010900399500001000508600005800518700004800576BRCA_492920190320204850.0840621s1915 sp-#######---#000-0#spa-# aspa asp 4aPQ6354b.B35 19151 aBáig Baños, Aureliodn. 187310aQuién fué el licenciado Alonso Fernández de Avellanedabensayo sobre la estructura espiritual del falso Quijote. Religiosidad de CervantescAurelio Báig Baños. aMadridbGabriel Molinac[1915] a336 p.c24 cm. aIncluye tres suplementos aEn portada: ´Carta del Excmo. Sr. Director de la Biblioteca Nacional D. Francisco Rodríguez Marín´ aQM57814aCervantes Saavedra, Miguel ded1547-1616tDon Quijote1 aRodríguez Marín, FranciscoeProloguista